| 000 | 00739nam a22002177a 4500 | ||
|---|---|---|---|
| 003 | SEM | ||
| 005 | 20231016112058.0 | ||
| 008 | 231013b1982 le ||||gr||||||01|0 arm|d | ||
| 040 |
_aSEM _cSEM |
||
| 041 | _aarm | ||
| 082 | _a242/Ն-63 | ||
| 100 |
_aՆերսէս Շնորհալի _cԱմենայն Հայոց Կաթողիկոս _b68-րդ _d(1102-1166-1173) _q(Ներսես Շնորհալի) |
||
| 245 |
_aՀաւատով խոստովանիմ / _cՍ․ Ներսէս Շնորհալի |
||
| 246 | _a[Հավատով խոստովանիմ] / | ||
| 260 |
_aԱնթիլիաս ։ _bԱ․ հ․, _c1982․ |
||
| 300 |
_a59 էջ ; _bնկ․; _c12 սմ |
||
| 650 | _aԱղոթագիրք | ||
| 650 | _aԱղոթք | ||
| 653 | _aՍԷՄ | ||
| 942 |
_2ddc _cBK _n0 |
||
| 999 |
_c74194 _d74194 |
||